| 000 | 00534nam a22001817a 4500 | ||
|---|---|---|---|
| 003 | KOHA_MİRAKIL | ||
| 005 | 20251221113357.0 | ||
| 008 | 251221b tu ||||| |||| 00| 0 tur d | ||
| 020 | _a9786259865287 | ||
| 040 |
_aTR-AnABB _btur _cTR-AnABB |
||
| 041 | _atur | ||
| 082 |
_a363.209561 _bCUM 2024 |
||
| 245 | 1 | 0 | _aCumhuriyetin 2. yüzyılına girerken Türk Polis Teşkilatı / |
| 260 |
_aAnkara : _bPolis Akademisi Yayınları, _c2024 |
||
| 300 |
_a96 sayfa ; _c23 cm |
||
| 650 | 0 | 4 | _aTürk Polis Teşkilatı |
| 942 |
_2ddc _cBK |
||
| 999 |
_c9804 _d9804 |
||
| 900 | _bGizem YORULMAZ | ||